Statistiques concernant Culture Générale - Série 539

Cliquez ici pour prendre le quiz!

Statistiques générales

  • Ce quiz a été pris 82 fois
  • Le résultat moyen est 7 sur 10

Statistiques - réponses

QuestionRéponse% Correct
Quel mot est une conjonction dans la phrase : "Veux-tu un thé ou un café pour ton petit déjeuner" ?ou
95%
Quel est le nom du héros de dessin animé qui répète sans cesse : "Quoi de neuf, docteur ?" en croquant des carottes ?Bugs Bunny
86%
Dans la mythologie grecque, quel dieu est le père d'Hermès ?Zeus
81%
Comment se prénomme la mère des enfants de David Beckham ?Victoria
72%
Quel moment de la semaine donne son titre à une chanson de Lorie en 2003 ?Week-End
70%
Dans le village d'Astérix, quel commerce Yelosubmarine tient-elle avec son époux ?poissonnerie
68%
Quelle vinaigrette à l'oeuf dur et aux herbes accompagne traditionnellement la tête de veau ?sauce gribiche
57%
Qui a présenté "La Chance aux chansons" de 1984 à 2000 à la télévision ?Pascal Sevran
49%
A quel archipel appartient l'île de Formentera ?Baléares
49%
Qu'organise Sheila pour la première fois selon le titre de sa chanson de 1963 ?surprise-partie
43%

Distribution des résultats

Percentile par nombre de réponses

% des personnes avec chaque résultat

Votre développement - résultats

Vous n’avez pas pris ce quiz